Dictionary of economics (Record no. 389352)

MARC details
000 -LEADER
fixed length control field 00707nam a2200253Ia 4500
003 - CONTROL NUMBER IDENTIFIER
control field OSt
005 - DATE AND TIME OF LATEST TRANSACTION
control field 20220924113136.0
008 - FIXED-LENGTH DATA ELEMENTS--GENERAL INFORMATION
fixed length control field 220923b |||||||| |||| 00| 0 eng d
037 ## - SOURCE OF ACQUISITION
Terms of availability Dictionary
040 ## - CATALOGING SOURCE
Original cataloging agency ARTS
Transcribing agency ARTS
Language of cataloging eng
041 ## - LANGUAGE CODE
Source of code eng
Language code of text/sound track or separate title eng
100 ## - MAIN ENTRY--PERSONAL NAME
Personal name Sloan Harrold S
9 (RLIN) 169552
245 #0 - TITLE STATEMENT
Title Dictionary of economics
260 ## - PUBLICATION, DISTRIBUTION, ETC.
Place of publication, distribution, etc. New
Name of publisher, distributor, etc. York Barnes and Noble
Date of publication, distribution, etc. 1961
490 ## - SERIES STATEMENT
Series statement Every day handbook series; 266
650 ## - SUBJECT ADDED ENTRY--TOPICAL TERM
Topical term or geographic name entry element ECONOMICS
700 ## - ADDED ENTRY--PERSONAL NAME
Personal name Zurcher Arnold J
9 (RLIN) 169553
942 ## - ADDED ENTRY ELEMENTS (KOHA)
Classification part Xk, K1 (EX)
Koha item type
Source of classification or shelving scheme
Holdings
Withdrawn status Lost status Damaged status Not for loan Home library Current library Date acquired Total Checkouts Full call number Barcode Date last seen Price effective from Koha item type
        Arts Library Arts Library 2022-09-24   Xk K1 (EX) ALE016751 2022-09-24 2022-09-24  
Copyright @ Delhi University Library System